000 01020nmm a2200313 a 4500
001 ocm0002145890
003 TR-IsHL
005 20201028184327.0
008 181215s2016 tu tur
007 cr cn
020 _a9786055175979
035 _a2145890
_b(N$T)
050 0 4 _aPS3606.I833
_bM2719 2016
090 0 4 _aPS3606.I833
_bM2719 2016
100 1 _aFisher, Tarryn
245 1 0 _aİlik
_h[electronic resource] /
_cTarryn Fisher ; çeviren Görkem Mercan ; editör Aylin Karagöz
250 _a1. Baskı
260 _aİstanbul :
_bAspendos Yayıncılık,
_c2016
300 _a375 p.
500 _aEser özgün adı: Marrow
650 4 _aDil ve Edebiyat
650 4 _aLanguage and Literature
650 0 _aAmerikan romanı
650 0 _aAmerican fiction
650 7 _aLITERARY COLLECTIONS / American / General
_2bisacsh
700 1 _aMercan, Görkem
700 1 _aKaragöz, Aylin
856 4 0 _uhttp://search.ebscohost.com/login.aspx?direct=true&scope=site&db=e011xww&AN=2145890
999 _c20947
_d20947